01253nam a2200301 a 450000100060000000300080000600500170001400800410003102000430007203500190011504000270013404100080016108200360016924501680020526000520037330000280042550400510045350500150050465000270051965000510054665000490059770000290064671000430067583000410071894200130075999900170077295201620078973364BD-RjUL20211209082403.0170530s1992 ii a b f001 0 eng d c: Inland: IRs. 75.00 ; Foreign: $ 6.00 a(BD-RjUL)73582 aDLCcDLCbengdBD-RjUL aeng00223a590.7230954bREC Pt.-1 199202aRecords of the Zoological Survey of India: bA check-list of the scale insects & mealybugs of South Asia /cby R.K. Varshney ; edited by Zoological Survey of India aCalcutta :bZoological Survey of India,cc1992. a pt. :bill. ;c24 cm. aIncludes bibliographical references and index.0 a Pt. -1 -- 0ascale insects.9217000 0aMealybugszSouth AsiaxClassification.9217001 0aZoologyxDescriptive ResearchzIndia9234339 aVarshney, R. K. 9234340 aZoological Survey of India, ed9234341 aOccasional paper ;vno. 139.9234338 2ddccRAR c73364d73364 00102ddc40718RAREaRUCLbRUCLcRared1996-05-15eCentury Book, Rajshahig6.00l0oRA 590.7230954 REC Pt-1 1992r2017-05-30 00:00:00tC-1w2021-12-09yRAR